Top 10 Nationalitäten in NHL - Statistiken

Allgemein
  • Dieses Quiz wurde 1.112 mal gespielt
  • Das Durchschnittsergebnis liegt bei 8 aus 10
Antwortstatistiken
No.Spieler # Länder % Korrekt
1206 2 Vereinigte Staaten
99%
5130 1 Kanada
98%
36 10 Deutschland
94%
323 3 Schweden
92%
204 6 Finnland
91%
233 4 Rußland
91%
37 9 Schweiz
71%
226 5 Tschechien
68%
84 7 Slowakei
48%
40 8 Vereinigtes Königreich
18%
Keine übereinstimmenden Quizze gefunden
Verteilung der Resultate
Anzahl Personen mit jedem Resultat
Perzentil nach korrekt beantworteten Fragen
Ihre Resultats-Entwicklung
Sie haben dieses Quiz noch nicht gespielt